000 00325nam a2200145Ia 4500
005 20251222152722.0
008 251222s9999||||xx |||||||||||||| ||spa||
020 _a8425316642
082 _a892.4/J66
100 _aJoffo, Joseph
245 0 _aUn Saco de Canicas
250 _a1ra. ed.
264 _bGrijalbo
942 _cLIB
999 _c29623
_d29623